00525nam a2200133 4500245012800000100002000128710001900148710001900167260003500186300003300221082001700254952010500271999001500376 aGeology of clays : weathering, sedimentology, geochemistrycby Georges Millot ; translated by W R Farrand and Helene Paquet aMillot, Georges aFarrand, W. R. aPaquet, Helene aNewyorkbSpringer Verlagc1970 axvi,429p. , 2plates. ; 25cm a551.61b MIL 001040708GEYAaNEHUbNEHUd2011-11-24l0o551.61 MILpB2400r2011-11-24 00:00:00w2011-11-24yBK c3639d3639